000 00704cam a2200265 a 4500
001 16725674
005 20180220074109.0
008 110407s2013 caua b 001 0 eng
010 _a 2011927040
020 _a9781111571139 (pbk.)
020 _a1111571139 (pbk.)
040 _aDLC
_cDLC
_dDLC
041 _aeng
042 _apcc
080 _a613.2 BOY
082 0 0 _a613.2 BOY
_223
100 1 _a10
101 _aNUT
245 1 0 _aPersonal nutrition.
504 _aIncludes bibliographical references and index.
906 _a7
_bcbc
_corigcop
_d3
_encip
_f20
_gy-gencatlg
942 _2ddc
_cBK
999 _c42925
_d42925